[Event "Tournoi Skype 013A"]
[Site "Skype"]
[Date "????.??.??"]
[Round "6.5"]
[White "Altinok, Selim"]
[Black "Bourdeau, Yvan"]
[Result "1/2-1/2"]
[WhiteElo "1875"]
[BlackElo "1634"]
[PlyCount "68"]

1. d4 Nf6 2. Nf3 e6 3. c4 b6 4. g3 Bb7 5. Bg2 Bb4+ 6. Bd2 Be7 7. O-O O-O 8. Nc3
d6 9. Qc2 c5 10. d5 e5 11. Nh4 Bc8 12. Nf5 Bxf5 13. Qxf5 a6 14. Ne4 Nxe4 15.
Bxe4 g6 16. Qh3 f5 17. Bc2 Nd7 18. Bh6 Rf7 19. e4 fxe4 20. Bxe4 Bf8 21. Bd2 Bg7
22. Rae1 Qf8 23. Re2 Re8 24. Qg2 Bh6 25. Bc3 Bg7 26. Rd1 Ree7 27. Rd3 Nf6 28.
Rf3 Ng4 29. Rxf7 Rxf7 30. h3 Nh6 31. Qf1 Nf5 32. Bxf5 Rxf5 33. Kg2 Bh6 34. Re4
Qf7 1/2-1/2

[Event "Tournoi Skype 013A"]
[Site "Skype"]
[Date "????.??.??"]
[Round "6.6"]
[White "Auger, Bertrand"]
[Black "Hilton, Stephen"]
[Result "1-0"]
[WhiteElo "2057"]
[BlackElo "1952"]
[PlyCount "51"]

1. Nf3 Nf6 2. g3 g6 3. b4 Bg7 4. Bb2 O-O 5. Bg2 c6 6. O-O d5 7. d3 Qb6 8. a3
Nbd7 9. Nbd2 a5 10. c4 axb4 11. axb4 Rxa1 12. Qxa1 Re8 13. Rb1 Nh5 14. Bxg7
Nxg7 15. b5 Qc7 16. cxd5 cxd5 17. d4 Nf6 18. Qa3 Ne6 19. e3 Qb6 20. Ne5 Ne4 21.
Nxe4 dxe4 22. Bxe4 Nxd4 23. Qb2 Nf5 24. Bd5 e6 25. Bg2 Nd6 26. Ng4 1-0

[Event "Tournoi Skype 013A"]
[Site "Skype"]
[Date "????.??.??"]
[Round "6.7"]
[White "Jacquelin, Norbert"]
[Black "Lambert, Pierre"]
[Result "1-0"]
[WhiteElo "1856"]
[BlackElo "1916"]
[PlyCount "81"]

1. e4 c5 2. Nf3 Nc6 3. d4 cxd4 4. Nxd4 Nf6 5. Nc3 d6 6. Be3 e6 7. f3 Be7 8. Qd2
O-O 9. Nxc6 bxc6 10. h4 Nh5 11. Qf2 Qc7 12. g4 Nf6 13. h5 d5 14. g5 Nd7 15.
O-O-O Ne5 16. Kb1 Qb7 17. Ka1 Qb4 18. Rd4 Qb7 19. Rd1 Bd7 20. Bd4 Bd6 21. f4
Ng4 22. Qg2 e5 23. fxe5 Nxe5 24. exd5 Rab8 25. Ne4 Qc7 26. Nf6+ Kh8 27. Nxd7
Qxd7 28. Be2 Qf5 29. Rd2 Qf4 30. Rdd1 Qf5 31. Rc1 Rb4 32. Rhf1 Qd7 33. Bc3 Rb6
34. g6 fxg6 35. Rxf8+ Bxf8 36. Bxe5 cxd5 37. Bd4 Rb4 38. c3 Rb7 39. hxg6 h6 40.
Rh1 Qf5 41. Rxh6+ 1-0

[Event "Tournoi Skype 013A"]
[Site "Skype"]
[Date "????.??.??"]
[Round "6.8"]
[White "Hervais, Adrien"]
[Black "Rico Hernandez, Edgar"]
[Result "1-0"]
[WhiteElo "2069"]
[BlackElo "1850"]
[PlyCount "49"]

1. e4 c6 2. Nc3 d5 3. Nf3 dxe4 4. Nxe4 Nd7 5. Bc4 e6 6. d4 Ngf6 7. Qe2 Be7 8.
O-O O-O 9. Bd3 Qc7 10. Re1 Re8 11. Nfg5 Nf8 12. Qf3 h6 13. Nxf6+ Bxf6 14. Bf4
Qe7 15. Ne4 Bxd4 16. c3 Bb6 17. Nd6 Rd8 18. Qg3 Kh8 19. Rad1 f6 20. Bg6 Nxg6
21. Qxg6 Rf8 22. Bxh6 Bd7 23. Nf5 Qf7 24. Bxg7+ Kg8 25. Nh6# 1-0

[Event "Tournoi Skype 013A"]
[Site "Skype"]
[Date "????.??.??"]
[Round "6.9"]
[White "Segura Lozano, Marcos Antonio"]
[Black "Legueltel, Daniel"]
[Result "0-1"]
[WhiteElo "1989"]
[BlackElo "1649"]
[PlyCount "102"]

1. d4 d5 2. c4 c6 3. Nf3 Nf6 4. g3 Bf5 5. Bg2 e6 6. Nc3 Be7 7. O-O O-O 8. Ne5
Nbd7 9. cxd5 exd5 10. Qb3 Qb6 11. Be3 Qxb3 12. axb3 Bc2 13. h3 Bxb3 14. g4 Nb6
15. g5 Nfd7 16. h4 f6 17. Nxd7 Nxd7 18. Bh3 Nb6 19. Be6+ Kh8 20. Rae1 a5 21.
Kg2 a4 22. Rh1 Nc4 23. Bc1 Bb4 24. Rh3 a3 25. bxa3 Nxa3 26. Reh1 Bc2 27. h5
fxg5 28. Bxg5 Bf5 29. Bxf5 Rxf5 30. Bc1 Nc4 31. Nb1 b5 32. Rg3 Bd6 33. Rg4 b4
34. h6 g6 35. e4 dxe4 36. Rxe4 Raf8 37. Re2 Kg8 38. Rh3 Kf7 39. Rc2 Na5 40. Rd3
Rb8 41. Nd2 Kg8 42. Ne4 Be7 43. Re2 b3 44. Nc5 Bxc5 45. dxc5 Nc4 46. Rd7 Rf7
47. Ree7 Rxe7 48. Rxe7 b2 49. Rg7+ Kh8 50. Bg5 b1=Q 51. Bf6 Qe4+ 0-1

[Event "Tournoi Skype 013A"]
[Site "Skype"]
[Date "????.??.??"]
[Round "6.10"]
[White "Deville, Olivier"]
[Black "Antonic, Nenad"]
[Result "1-0"]
[WhiteElo "1896"]
[BlackElo "1486"]
[PlyCount "69"]

1. Nf3 d5 2. c4 c6 3. e3 Bg4 4. Qb3 Qc7 5. Nc3 a6 6. cxd5 Bxf3 7. gxf3 Nf6 8.
Be2 Nbd7 9. d4 Rb8 10. O-O e6 11. dxe6 fxe6 12. Qxe6+ Be7 13. Bd2 Nf8 14. Qb3
Bd6 15. f4 Qf7 16. Qxf7+ Kxf7 17. e4 Bb4 18. e5 N6d7 19. f5 Nb6 20. e6+ Ke8 21.
Bf4 Rc8 22. Ne4 Be7 23. Rac1 Nd5 24. Be5 Rg8 25. Bc4 Nf6 26. Nd6+ Bxd6 27. Bxd6
Nd5 28. Bxd5 h6 29. Bxf8 Rxf8 30. Be4 Rf6 31. d5 Ke7 32. Rfd1 Rff8 33. d6+ Kf6
34. e7 Rg8 35. d7 1-0

[Event "Tournoi Skype 013A"]
[Site "Skype"]
[Date "????.??.??"]
[Round "6.11"]
[White "Bujko, Imrich"]
[Black "Ergin, Ahmet"]
[Result "1-0"]
[WhiteElo "1499"]
[BlackElo "1711"]
[PlyCount "69"]

1. e4 d5 2. exd5 Nf6 3. c4 c6 4. Nc3 cxd5 5. d4 Nc6 6. Bg5 e6 7. Nf3 Be7 8. c5
O-O 9. Bb5 a6 10. Bxc6 bxc6 11. O-O Rb8 12. Ne5 Qc7 13. Bf4 Re8 14. Nd3 Qb7 15.
Bxb8 Qxb8 16. f4 Ne4 17. Re1 f5 18. Qb3 Qxb3 19. axb3 Bf6 20. Nxe4 fxe4 21. Ne5
Bb7 22. Kf2 Rf8 23. Ke3 Rb8 24. Nd7 Rd8 25. Nxf6+ gxf6 26. Ra4 Kf7 27. g4 Kg6
28. Rg1 Rb8 29. Rb4 a5 30. Rb6 h6 31. b4 e5 32. fxe5 fxe5 33. dxe5 Kf7 34. Rf1+
Ke6 35. Kd4 1-0

[Event "Tournoi Skype 013A"]
[Site "Skype"]
[Date "????.??.??"]
[Round "6.12"]
[White "Casey, Eamonn"]
[Black "Murgia, Stefano"]
[Result "0-1"]
[WhiteElo "1662"]
[BlackElo "1681"]
[PlyCount "58"]

1. d4 f5 2. c4 d6 3. Nc3 Nf6 4. Bg5 Nbd7 5. Nf3 g6 6. e3 Bg7 7. Bd3 e6 8. O-O
O-O 9. Rc1 Qe8 10. Re1 e5 11. dxe5 dxe5 12. e4 f4 13. Bxf6 Bxf6 14. b4 g5 15.
h3 Kh8 16. Nh2 Be7 17. a3 h5 18. Be2 Nf6 19. Nf3 g4 20. hxg4 hxg4 21. Nxe5 f3
22. gxf3 gxf3 23. Bxf3 Bh3 24. Kh1 Rd8 25. Qe2 Bd6 26. Ng4 Rd7 27. Nxf6 Rxf6
28. Rg1 Rh7 29. Rg2 Bg4+ 0-1

[Event "Tournoi Skype 013A"]
[Site "Skype"]
[Date "????.??.??"]
[Round "6.13"]
[White "Grib, Johannes"]
[Black "Engstrom, Olle"]
[Result "0-1"]
[WhiteElo "1435"]
[BlackElo "1639"]
[PlyCount "82"]

1. c4 g6 2. Nf3 Bg7 3. d4 Nf6 4. Nc3 d5 5. Ne5 O-O 6. Bf4 Bf5 7. cxd5 Nxd5 8.
Nxd5 Qxd5 9. f3 Nd7 10. e3 Nxe5 11. Bxe5 Bxe5 12. dxe5 Qxe5 13. Qd4 Qxd4 14.
exd4 Rfd8 15. Rd1 Be6 16. a3 Rd6 17. Kf2 Rad8 18. Ke3 c5 19. d5 Bxd5 20. Be2
Bb3 21. Rxd6 Rxd6 22. Rc1 Re6+ 23. Kf2 c4 24. Bxc4 Rc6 25. Bxf7+ Kxf7 26. Rxc6
bxc6 27. Ke3 Ke6 28. Kd4 a5 29. f4 Kd6 30. g3 c5+ 31. Kc3 a4 32. Kd3 Kd5 33. h3
c4+ 34. Ke3 e5 35. g4 exf4+ 36. Kxf4 c3 37. bxc3 Kc4 38. h4 Kxc3 39. h5 gxh5
40. gxh5 Kb2 41. Kf5 Kxa3 0-1

[Event "Tournoi Skype 013A"]
[Site "Skype"]
[Date "????.??.??"]
[Round "6.14"]
[White "Karia, Vijay"]
[Black "Belouin, Alexis"]
[Result "1-0"]
[WhiteElo "1540"]
[BlackElo "1479"]
[PlyCount "31"]

1. e4 e5 2. Nf3 d6 3. d4 Nc6 4. dxe5 Nxe5 5. Nxe5 dxe5 6. Qxd8+ Kxd8 7. Bc4 Ke8
8. O-O Nf6 9. Nc3 Bb4 10. Bd2 Bxc3 11. Bxc3 Nxe4 12. Bxe5 Nd2 13. Rfe1 f6 14.
Bc3+ Kf8 15. Bb4+ c5 16. Bxc5# 1-0

[Event "Tournoi Skype 013A"]
[Site "Skype"]
[Date "????.??.??"]
[Round "6.15"]
[White "Mishra, Om"]
[Black "L'Herbon De Lussats, Jean"]
[Result "1-0"]
[WhiteElo "1709"]
[BlackElo "1495"]
[PlyCount "85"]

1. e4 c5 2. Nc3 Nc6 3. f4 e5 4. Nf3 d6 5. Bc4 Be6 6. Bxe6 fxe6 7. Ng5 Nd4 8. d3
exf4 9. Bxf4 e5 10. Be3 h6 11. Qh5+ Kd7 12. O-O Nf6 13. Qh3+ Kc7 14. Bxd4 Qd7
15. Ne6+ Kb8 16. Be3 g5 17. Nd5 Nxd5 18. exd5 Qe7 19. Qh5 Rh7 20. Rf7 Rxf7 21.
Bd2 b6 22. a4 Kb7 23. a5 Qf6 24. a6+ Kc8 25. Be3 Kd7 26. Qg4 Ke7 27. h3 Qg6 28.
Nc7 Rd8 29. Qa4 h5 30. Ne6 Rc8 31. Bxg5+ Rf6 32. Rf1 Bg7 33. Qh4 Rg8 34. Nxg7
Rgf8 35. Rxf6 Rxf6 36. Nxh5 Kf7 37. Nxf6 Qf5 38. Qh5+ Qg6 39. Qg4 Qg7 40. h4
Kg6 41. h5+ Kf7 42. Qd7+ Kf8 43. Qe8# 1-0

[Event "Tournoi Skype 013A"]
[Site "Skype"]
[Date "????.??.??"]
[Round "6.16"]
[White "Malbec, Robert"]
[Black "De Leener, Luc"]
[Result "1-0"]
[WhiteElo "1520"]
[BlackElo "1634"]
[PlyCount "43"]

1. e4 c5 2. Nf3 Nc6 3. d4 cxd4 4. Nxd4 Nf6 5. Nc3 a6 6. Bg5 d6 7. Nxc6 bxc6 8.
Bd3 e6 9. f4 Be7 10. Qf3 Bd7 11. O-O-O O-O 12. g4 e5 13. f5 h6 14. Be3 a5 15.
h4 a4 16. g5 hxg5 17. hxg5 a3 18. b3 Qa5 19. Bd2 Ne8 20. Qh5 f6 21. Qh7+ Kf7
22. g6# 1-0

[Event "Tournoi Skype 013A"]
[Site "Skype"]
[Date "????.??.??"]
[Round "6.17"]
[White "Mulrooney, Justin"]
[Black "Saidi, Bhen"]
[Result "1-0"]
[WhiteElo "1624"]
[BlackElo "1452"]
[PlyCount "73"]

1. d4 Nf6 2. Nf3 Nc6 3. c4 d5 4. Nc3 e6 5. e3 Bb4 6. Bd3 O-O 7. O-O b6 8. a3
Bxc3 9. bxc3 Ba6 10. cxd5 Bxd3 11. Qxd3 Nxd5 12. e4 Nde7 13. Ng5 Ng6 14. Qh3 h6
15. Nf3 Kh7 16. Ng5+ Kg8 17. Nf3 f6 18. Qxe6+ Kh7 19. Qxc6 Qe7 20. Nd2 Rad8 21.
a4 a5 22. Ba3 Qd7 23. Qxd7 Rxd7 24. Bxf8 Nxf8 25. f4 Ng6 26. f5 Ne7 27. g4 Nc6
28. Rf2 Na7 29. Rf3 c5 30. d5 Nc8 31. Rb1 g5 32. Nc4 Rb7 33. Rf2 Rd7 34. Nxb6
Rb7 35. Rfb2 Nxb6 36. Rxb6 Rxb6 37. Rxb6 1-0

[Event "Tournoi Skype 013A"]
[Site "Skype"]
[Date "????.??.??"]
[Round "6.18"]
[White "Mordaa, Ahmad"]
[Black "Briere, Jean"]
[Result "0-1"]
[WhiteElo "1437"]
[BlackElo "1554"]
[PlyCount "74"]

1. e4 e5 2. Nf3 Nc6 3. Bc4 Bc5 4. c3 Nf6 5. d3 O-O 6. O-O d6 7. h3 Re8 8. Bg5
h6 9. Bh4 a6 10. a4 Be6 11. Bxe6 Rxe6 12. Nbd2 b5 13. b4 Bb6 14. a5 Ba7 15. Re1
Qc8 16. Nf1 Nh5 17. Ne3 Nf4 18. Bg3 Ng6 19. Nf5 Nce7 20. Rb1 Rf6 21. Nxe7+ Nxe7
22. Rb2 Rg6 23. Kh2 f5 24. Qb3+ Qe6 25. Qxe6+ Rxe6 26. exf5 Nxf5 27. d4 e4 28.
Nh4 Nxg3 29. Kxg3 d5 30. f3 Rae8 31. Rbe2 c6 32. fxe4 Rxe4 33. Rxe4 dxe4 34.
Kf4 Bb8+ 35. Ke3 Bg3 36. Rf1 Bxh4 37. Rf4 Bg5 0-1

[Event "Tournoi Skype 013A"]
[Site "Skype"]
[Date "????.??.??"]
[Round "6.19"]
[White "Holtz, Steve"]
[Black "Loyarte, Frederic"]
[Result "1-0"]
[WhiteElo "1503"]
[BlackElo "1547"]
[PlyCount "65"]

1. d4 Nf6 2. Nf3 d6 3. c4 g6 4. Nc3 Bg7 5. Bf4 O-O 6. e3 Bf5 7. Be2 Nbd7 8. h4
Ng4 9. h5 h6 10. Nh4 Ndf6 11. Nxf5 gxf5 12. f3 e5 13. fxg4 exf4 14. exf4 fxg4
15. Bxg4 Qe7+ 16. Be2 Ne4 17. Nd5 Qd7 18. g4 Ng3 19. Rg1 Nxe2 20. Kxe2 c6 21.
g5 Rfe8+ 22. Kf2 Kf8 23. gxh6 cxd5 24. hxg7+ Kg8 25. h6 Qf5 26. Qg4 Qc2+ 27.
Kg3 Re3+ 28. Kh4 Qh2+ 29. Kg5 f6+ 30. Kg6 Qc2+ 31. Kxf6 Qh7 32. Qg6 Rf3 33.
Qf7# 1-0

[Event "Tournoi Skype 013A"]
[Site "Skype"]
[Date "????.??.??"]
[Round "6.20"]
[White "Fouquereau, Andre"]
[Black "Carballo, Jorge"]
[Result "0-1"]
[WhiteElo "1537"]
[BlackElo "1499"]
[PlyCount "54"]

1. e4 e5 2. Nf3 Nc6 3. c3 Nf6 4. Qc2 Bc5 5. Bb5 O-O 6. Bxc6 bxc6 7. Nxe5 Re8 8.
d4 Bb6 9. Qb3 Qe7 10. O-O d6 11. Qc2 dxe5 12. dxe5 Qxe5 13. Nd2 Nxe4 14. Nf3
Qc5 15. Be3 Qe7 16. Rfe1 Bxe3 17. Rxe3 Bf5 18. Qa4 Qc5 19. Rae1 Re6 20. Nd4
Ree8 21. Qxc6 Qxc6 22. Nxc6 Bd7 23. Nd4 f5 24. g4 g6 25. f3 Nd2 26. gxf5 c5 27.
Re7 cxd4 0-1

[Event "Tournoi Skype 013A"]
[Site "Skype"]
[Date "????.??.??"]
[Round "6.21"]
[White "Galani, Mahendra"]
[Black "Hague, Mark"]
[Result "1-0"]
[WhiteElo "1519"]
[BlackElo "1442"]
[PlyCount "105"]

1. c3 d5 2. d4 c5 3. Nf3 cxd4 4. Nxd4 e5 5. Nb5 Nc6 6. e3 Nf6 7. h3 Be6 8. Qf3
a6 9. N5a3 e4 10. Qd1 Bd6 11. Be2 O-O 12. Nc2 b5 13. Nd4 Nxd4 14. exd4 b4 15.
Bd2 Qa5 16. O-O Rac8 17. Qb3 Rb8 18. cxb4 Bxb4 19. Qc2 Rfc8 20. Qd1 Qb6 21. Be3
a5 22. b3 Ra8 23. Bc1 Bd7 24. a3 Be7 25. Bb2 Rcb8 26. Nd2 Rc8 27. Re1 Rc7 28.
Nf1 Rac8 29. Ne3 a4 30. b4 Bxb4 31. axb4 Qxb4 32. Ba3 Qc3 33. Bc5 Ra8 34. Bb6
Rb7 35. Rc1 Qb3 36. Bc5 a3 37. Nc2 a2 38. Ra1 Rab8 39. Na3 Qxa3 40. Bxa3 Rb3
41. Bc5 Rb1 42. Rxb1 axb1=Q 43. Qxb1 Rxb1 44. Rxb1 h6 45. Rb8+ Kh7 46. Rb3 Kg8
47. Rg3 g6 48. Be7 Kh7 49. Bxf6 Kg8 50. Rb3 Kf8 51. Rb8+ Be8 52. Bb5 g5 53.
Rxe8# 1-0

[Event "Tournoi Skype 013A"]
[Site "Skype"]
[Date "????.??.??"]
[Round "6.22"]
[White "Trivedi, Viral"]
[Black "Joshi, Aryan"]
[Result "0-1"]
[WhiteElo "1509"]
[BlackElo "1499"]
[PlyCount "109"]

1. e4 e5 2. Nf3 Nf6 3. Nc3 Nc6 4. Bc4 Nxe4 5. Bxf7+ Kxf7 6. Nxe4 Be7 7. d4 d5
8. Neg5+ Kg8 9. dxe5 h6 10. Nh3 Bg4 11. Nf4 Nxe5 12. Qxd5+ Qxd5 13. Nxd5 Nxf3+
14. Kf1 Nxh2+ 15. Rxh2 Bd6 16. g3 Re8 17. Bf4 Bxf4 18. Nxf4 Kh7 19. Nd5 Re2 20.
Rh4 Bf3 21. Nxc7 Rxc2 22. Ne6 Be2+ 23. Ke1 Re8 24. Re4 Bb5 25. Rd1 Rxb2 26. Rd8
Rxd8 27. Nxd8 Rxa2 28. Ne6 Ra1+ 29. Kd2 Ra2+ 30. Ke3 Re2+ 31. Kf3 Rxe4 32. Kxe4
Kg6 33. f4 Kf6 34. Nd4 Bc6+ 35. Ke3 a5 36. Kd3 g6 37. g4 Bd7 38. g5+ hxg5 39.
fxg5+ Kxg5 40. Nf3+ Kf4 41. Ne1 b5 42. Kc3 Ke4 43. Nd3 b4+ 44. Kc2 Ba4+ 45. Kd2
Kd4 46. Nb2 Bb5 47. Kc2 a4 48. Nd1 a3 49. Kb3 Kc5 50. Ne3 g5 51. Kc2 Ba4+ 52.
Kb1 b3 53. Nd1 Kd4 54. Nb2 axb2 55. Kxb2 0-1

[Event "Tournoi Skype 013A"]
[Site "Skype"]
[Date "????.??.??"]
[Round "6.23"]
[White "Meaney, Mike"]
[Black "Le Brun, Yves"]
[Result "1/2-1/2"]
[WhiteElo "1503"]
[BlackElo "1589"]
[PlyCount "67"]

1. d4 Nf6 2. Nf3 d5 3. g3 Bf5 4. Bg2 h6 5. Bf4 e6 6. O-O Bd6 7. Be5 Qe7 8. Nbd2
Nc6 9. a3 Bxe5 10. dxe5 Ng4 11. c4 Ncxe5 12. Nxe5 Nxe5 13. cxd5 exd5 14. Bxd5
c6 15. Bg2 Rd8 16. e4 Bg4 17. f3 Be6 18. Qc2 O-O 19. Rfd1 Rd7 20. b3 Rfd8 21.
Ra2 Qg5 22. f4 Bxb3 23. Qxb3 Nf3+ 24. Bxf3 Qc5+ 25. Kg2 Rd3 26. Qc2 Qe3 27. Kh3
Rc3 28. Qb2 b6 29. Raa1 Rxd2 30. Rxd2 Qxf3 31. Rc1 Qh5+ 32. Kg2 Qf3+ 33. Kg1
Qe3+ 34. Kg2 1/2-1/2

[Event "Tournoi Skype 013A"]
[Site "Skype"]
[Date "????.??.??"]
[Round "6.24"]
[White "Murolo, Antonio"]
[Black "Saponara, Jose Maria"]
[Result "0-1"]
[WhiteElo "1499"]
[BlackElo "1499"]
[PlyCount "30"]

1. d4 Nf6 2. c4 c6 3. Nc3 d5 4. e3 Bf5 5. Nf3 e6 6. Bd3 Bg6 7. O-O Bd6 8. cxd5
exd5 9. Re1 Ne4 10. Nd2 Nxc3 11. bxc3 Bxd3 12. e4 O-O 13. exd5 cxd5 14. Qf3 Ba6
15. Qxd5 Bxh2+ 0-1

[Event "Tournoi Skype 013A"]
[Site "Skype"]
[Date "????.??.??"]
[Round "6.25"]
[White "Grimwood, Robert"]
[Black "Prasad Singh, Ambika"]
[Result "1-0"]
[WhiteElo "1487"]
[BlackElo "1484"]
[PlyCount "95"]

1. d4 Nf6 2. c4 g6 3. Nf3 Bg7 4. Bf4 O-O 5. Nc3 d6 6. e4 Nc6 7. d5 e5 8. Bg5
Nb4 9. a3 Na6 10. b4 c6 11. dxc6 bxc6 12. Qa4 Bb7 13. c5 Qc7 14. Bxf6 Nxc5 15.
bxc5 Bxf6 16. cxd6 Qxd6 17. Rd1 Qc7 18. Ba6 Rfd8 19. Rxd8+ Rxd8 20. Bxb7 Qxb7
21. O-O Bg7 22. Rd1 Rxd1+ 23. Qxd1 Qc7 24. h3 Bf8 25. a4 a5 26. Qc2 Bb4 27. Ne2
c5 28. Kf1 c4 29. Nc3 Bxc3 30. Qxc3 f6 31. Nd2 Kf8 32. Qxc4 Qxc4+ 33. Nxc4 Ke7
34. Ke2 Kd7 35. Kd3 Kc6 36. Nxa5+ Kc5 37. Kc3 h6 38. Nb3+ Kb6 39. Kc4 Kc6 40.
a5 g5 41. Nc5 h5 42. Kb4 g4 43. h4 Kc7 44. Kb5 Kb8 45. Kb6 Kc8 46. a6 Kd8 47.
a7 Ke7 48. a8=Q 1-0

[Event "Tournoi Skype 013A"]
[Site "Skype"]
[Date "????.??.??"]
[Round "7.1"]
[White "Karlsen, Christian"]
[Black "Plourde, Alain"]
[Result "1-0"]
[WhiteElo "1714"]
[BlackElo "1878"]
[PlyCount "38"]

1. c4 Nf6 2. d4 e6 3. g3 d5 4. cxd5 exd5 5. Bg2 c6 6. Nf3 h6 7. Nc3 Bb4 8. O-O
O-O 9. Qd3 Be6 10. Bf4 Bd6 11. Rac1 Bxf4 12. gxf4 Nbd7 13. f5 Bxf5 14. Qxf5 Re8
15. e3 Qc7 16. Nxd5 Nxd5 17. Qxd5 Qxh2+ 18. Nxh2 cxd5 19. Bxd5 Re7 1-0

[Event "Tournoi Skype 013A"]
[Site "Skype"]
[Date "????.??.??"]
[Round "7.2"]
[White "Patra Kumar, Subhendu"]
[Black "Brun, Jacques"]
[Result "1-0"]
[WhiteElo "1671"]
[BlackElo "1831"]
[PlyCount "137"]

1. Nf3 g6 2. g3 c5 3. Bg2 Bg7 4. O-O Nc6 5. e4 d6 6. d3 Nf6 7. c3 O-O 8. Nbd2
Bd7 9. Qc2 Qc8 10. Re1 b5 11. e5 Ne8 12. exd6 exd6 13. Ne4 Rb8 14. Bf4 Be5 15.
Nxe5 dxe5 16. Bh6 Ng7 17. Nf6+ Kh8 18. Qe2 Rb6 19. Bxc6 Qxc6 20. Nxd7 Qxd7 21.
Qxe5 f6 22. Qxc5 Rf7 23. Bxg7+ Kxg7 24. d4 Rb7 25. Re3 Rc7 26. Qb4 Rc4 27. Qb3
a5 28. a4 Rxa4 29. Rxa4 bxa4 30. Qb6 Qd5 31. Qe6 Qb5 32. Re2 Rb7 33. c4 Qb4 34.
Qc6 Qb3 35. c5 Rf7 36. Qe4 a3 37. bxa3 Qxa3 38. c6 a4 39. d5 Qd6 40. Qe6 Qc5
41. Qe4 a3 42. Rc2 Qb6 43. Qc4 Rc7 44. Qc5 Qxc5 45. Rxc5 a2 46. Ra5 Kf7 47.
Rxa2 Ke7 48. Rc2 Kd6 49. Rd2 Ra7 50. Kg2 Ra5 51. Kf3 Rc5 52. Ke3 h6 53. Ke4
Rc4+ 54. Ke3 Rc5 55. h3 Rc3+ 56. Rd3 Rc2 57. Kd4 Rc5 58. Ke4 Rc4+ 59. Rd4 Rc2
60. f3 Rc3 61. h4 g5 62. h5 f5+ 63. Kxf5 Rxf3+ 64. Kg6 Rxg3 65. Kxh6 g4 66. Kg5
Rc3 67. Kxg4 Ke5 68. Rd1 Rc4+ 69. Kg5 1-0

[Event "Tournoi Skype 013A"]
[Site "Skype"]
[Date "????.??.??"]
[Round "7.3"]
[White "Dal, Ibrahim"]
[Black "Auger, Bertrand"]
[Result "0-1"]
[WhiteElo "1645"]
[BlackElo "2057"]
[PlyCount "132"]

1. d4 Nf6 2. c4 e6 3. Nf3 b6 4. g3 Ba6 5. b3 Bb4+ 6. Bd2 Be7 7. Bg2 Bb7 8. O-O
O-O 9. Nc3 Ne4 10. Nxe4 Bxe4 11. Ne5 Bxg2 12. Kxg2 d5 13. Qc2 Bf6 14. Nf3 c5
15. cxd5 Qxd5 16. e4 Qb7 17. e5 Be7 18. Bc3 Nd7 19. Qe2 Rfd8 20. Kg1 Nf8 21.
Rad1 a5 22. Rd3 b5 23. dxc5 b4 24. Bb2 Qa6 25. Rfd1 Rxd3 26. Qxd3 Qxd3 27. Rxd3
Bxc5 28. Nd2 Rc8 29. Nc4 Be7 30. Nxa5 Rc2 31. Nc4 Bg5 32. h4 Bc1 33. Bxc1 Rxc1+
34. Kg2 Ra1 35. Rd2 h6 36. Na5 Rc1 37. Nc4 h5 38. a4 bxa3 39. Nxa3 Rc3 40. Rb2
Nd7 41. Nb1 Rc1 42. b4 Nb6 43. f4 Kf8 44. Nd2 Ke7 45. b5 f5 46. exf6+ gxf6 47.
Ne4 Rc4 48. Nd2 Rc1 49. Ne4 Rc4 50. Kf3 f5 51. Nd2 Rc3+ 52. Kf2 Kd6 53. Rb3 Rc2
54. Ke3 Kc5 55. Rd3 Nd5+ 56. Kf3 Kxb5 57. Nf1 Kc4 58. Rxd5 exd5 59. Ne3+ Kd3
60. Nxc2 Kxc2 61. g4 fxg4+ 62. Kg3 d4 63. f5 d3 64. f6 d2 65. f7 d1=Q 66. f8=Q
Qg1+ 0-1

[Event "Tournoi Skype 013A"]
[Site "Skype"]
[Date "????.??.??"]
[Round "7.4"]
[White "Sanchez Munoz, Carlos Andres"]
[Black "Jacquelin, Norbert"]
[Result "0-1"]
[WhiteElo "1790"]
[BlackElo "1856"]
[PlyCount "120"]

1. e4 e5 2. Nf3 Nf6 3. Nxe5 d6 4. Nf3 Nxe4 5. Nc3 Nxc3 6. dxc3 Be7 7. Be3 O-O
8. Qd2 Nc6 9. O-O-O Bg4 10. h3 Be6 11. a3 Ne5 12. Nxe5 dxe5 13. Bd3 Qe8 14. Qe2
a6 15. Qh5 f5 16. Qxe8 Rfxe8 17. f3 b5 18. g4 f4 19. Bf2 Red8 20. Be4 Rxd1+ 21.
Rxd1 Rd8 22. Rxd8+ Bxd8 23. Bc5 Kf7 24. b4 Bc8 25. Kd2 g6 26. Bd5+ Ke8 27. Kd3
Be7 28. Ke4 Bd6 29. c4 bxc4 30. Bxc4 Kd7 31. Bd5 Ke7 32. Bg8 Bb7+ 33. Bd5 c6
34. Bg8 h6 35. h4 Bxc5 36. bxc5 Kf6 37. g5+ hxg5 38. hxg5+ Kxg5 39. Kxe5 Bc8
40. Kd6 Bf5 41. c3 Kf6 42. Bc4 g5 43. Kxc6 Ke5 44. Bxa6 Be4+ 45. fxe4 g4 46.
Kb7 g3 47. Bf1 f3 48. c6 g2 49. Bxg2 fxg2 50. c7 g1=Q 51. c8=Q Qb1+ 52. Ka7
Qg1+ 53. Ka6 Kxe4 54. Qe8+ Kd3 55. Qc6 Qc1 56. Qc5 Qh6+ 57. Kb5 Kc2 58. a4 Qf4
59. a5 Qb8+ 60. Ka4 Qb3# 0-1

[Event "Tournoi Skype 013A"]
[Site "Skype"]
[Date "????.??.??"]
[Round "7.5"]
[White "Janssen, Gerard"]
[Black "Hervais, Adrien"]
[Result "0-1"]
[WhiteElo "1681"]
[BlackElo "2069"]
[PlyCount "80"]

1. d4 e6 2. c4 d5 3. Nc3 Nf6 4. Nf3 Bb4 5. e3 O-O 6. Qc2 c5 7. a3 Bxc3+ 8. bxc3
Qc7 9. Qa2 Qa5 10. Bd2 dxc4 11. Bxc4 Ne4 12. O-O Nc6 13. Rfc1 Qd8 14. Be1 Qf6
15. Bd3 Ng5 16. Nxg5 Qxg5 17. f4 Qh5 18. Be4 Rd8 19. Qc4 Bd7 20. Bf3 Na5 21.
Qa2 Qf5 22. a4 Qd3 23. Kf2 Rac8 24. Rd1 Qf5 25. g4 Qf6 26. Kg3 c4 27. Qa3 Re8
28. Qb4 b6 29. h4 Nb3 30. Ra2 Qd8 31. Bb7 Rc7 32. Ba6 Na5 33. Bb5 Bc6 34. Bxc6
Rxc6 35. g5 Qd5 36. Rh2 e5 37. fxe5 Rxe5 38. Bd2 Rxg5+ 39. hxg5 Qxg5+ 40. Kf2
Rf6+ 0-1

[Event "Tournoi Skype 013A"]
[Site "Skype"]
[Date "????.??.??"]
[Round "7.7"]
[White "Bourdeau, Yvan"]
[Black "Altinok, Kerim"]
[Result "1/2-1/2"]
[WhiteElo "1634"]
[BlackElo "1883"]
[PlyCount "77"]

1. Nf3 Nf6 2. c4 d5 3. b3 Bf5 4. Bb2 e6 5. g3 Nbd7 6. Bg2 Bd6 7. O-O O-O 8. d3
c6 9. Nbd2 Qe7 10. a3 a5 11. Nh4 Bg4 12. Bf3 Bh3 13. Bg2 Bxg2 14. Nxg2 e5 15.
e4 Nc5 16. Qc2 dxe4 17. Nxe4 Nfxe4 18. dxe4 Ne6 19. Rfd1 f6 20. a4 Bc5 21. Rd3
Nd4 22. Bxd4 Bxd4 23. Rad1 g6 24. Nh4 Rad8 25. Nf3 Bb6 26. Rxd8 Rxd8 27. Rxd8+
Qxd8 28. Qd2 Qxd2 29. Nxd2 Kf7 30. Kf1 Ke6 31. Ke2 Kd6 32. f3 Kc5 33. Kd3 Kb4
34. Kc2 Bg1 35. h3 f5 36. g4 fxg4 37. fxg4 Be3 38. Nf3 Bf4 39. Ne1 1/2-1/2

[Event "Tournoi Skype 013A"]
[Site "Skype"]
[Date "????.??.??"]
[Round "7.8"]
[White "Murgia, Stefano"]
[Black "Altinok, Selim"]
[Result "0-1"]
[WhiteElo "1681"]
[BlackElo "1875"]
[PlyCount "44"]

1. e4 e6 2. d4 d5 3. Nc3 Nf6 4. e5 Nfd7 5. f4 c5 6. Nf3 Be7 7. Be3 Nc6 8. Qd2
cxd4 9. Nxd4 Nxd4 10. Bxd4 O-O 11. O-O-O Nc5 12. g4 Bd7 13. f5 Rc8 14. Rg1 exf5
15. Nxd5 Bg5 16. Be3 Bxe3 17. Qxe3 fxg4 18. Be2 h5 19. h3 Qe8 20. Qg5 f6 21.
exf6 Ne6 22. Qxh5 Qxh5 0-1

[Event "Tournoi Skype 013A"]
[Site "Skype"]
[Date "????.??.??"]
[Round "7.10"]
[White "Rico Hernandez, Edgar"]
[Black "Karia, Vijay"]
[Result "1-0"]
[WhiteElo "1850"]
[BlackElo "1540"]
[PlyCount "75"]

1. d4 Nf6 2. c4 e5 3. Nc3 Bb4 4. Qc2 O-O 5. Nf3 exd4 6. Nxd4 Ng4 7. e3 Re8 8.
h3 Nf6 9. Bd3 Bc5 10. Nf3 Nc6 11. a3 Nd4 12. Nxd4 Bxd4 13. O-O Bb6 14. b4 c5
15. Bb2 cxb4 16. axb4 a6 17. Nd5 Nxd5 18. Bxh7+ Kh8 19. cxd5 Qg5 20. Qf5 Qxf5
21. Bxf5 d6 22. Bxc8 Raxc8 23. Rac1 f6 24. g3 Kg8 25. Kg2 Kf7 26. Kf3 Kg6 27.
Rxc8 Rxc8 28. Rc1 Rh8 29. Kg2 Kf5 30. Rc4 g5 31. h4 Rh7 32. g4+ Kg6 33. h5+ Kf7
34. e4 Rh8 35. Kf3 Re8 36. Bc1 Rh8 37. Be3 Bxe3 38. Rc7+ 1-0